000 00322nam a2200109Ia 4500
008 171204s9999 xx 000 0 und d
245 _aMethodological Developments in Data Linkage:
245 _cKatie Harron
260 _c2016
650 _xADVANCED DATABASE SYSTEM
856 _uhttp://down.ebook777.com/031/1118745876.pdf
999 _c347079
_d347079